000 00593nam a2200205Ia 4500
005 20250508165259.0
008 008 250505s9999 xx 000 0 eng d
020 _a978-81-321-0699-9
037 _aTextBook
040 _aFEDL
_beng
_cFEDL
041 _aeng
_2eng
084 _a915.4, JAF/R
_qFEDL
100 _aJafa Navina
_9309638
245 0 _aPerforming heritage: Art of exhibit walks
260 _aNew Delhi, India
_bSage Publications India Pvt. Ltd.
_c2012
300 _axxix, 216p.
365 _aINR
_b550
942 _cTB
_h915.4, JAF/R
999 _c1394212
_d1394212